00891 a2200241 4500003000500000005001700005010001700022020002800039040000900067082001200076100002400088245013400112260004000246300003300286440004600319505008200365650003200447650004600479650004800525651001100573700003800584700002700622Nust20170207154029.0 a 2003041889 a1580533558 (alk. paper) cNust00a621.3821 aMukherjee, Amitava,10aLocation management and routing in mobile wireless networks-(E-BOOK)cAmitava Mukherjee, Somprakash Bandyopadhyay, Debashis Saha. aBoston, MA :bArtech House,cc2003. axv, 213 p. :bill. ;c24 cm. 0aArtech House mobile communications series aPt. I Cellular Networks Pt. II Ad Hoc Wireless Networks Pt. III Future Issues 0aRouters (Computer networks) 0aWireless communication systemsxLocation. 0aWireless communication systemsxManagement. aE-BOOK1 aBandyopadhyay, Somprakash,d1957-1 aSaha, Debashis,d1965-